История человечества. Т. 4: Средиземное море и страны побережья (Запись № 5007784)

Подробности
000 -МАРКЕР
контрольное поле 02053nam2a22003371 4500
001 - ИДЕНТИФИКАТОР ЗАПИСИ
контрольное поле v19\rc\1759754
005 - ИДЕНТИФИКАТОР ВЕРСИИ
контрольное поле 20260405072018.0
035 ## - ДРУГИЕ СИСТЕМНЫЕ НОМЕРА
Идентификатор записи (NLR Aleph) 004860665
100 ## - ДАННЫЕ ОБЩЕЙ ОБРАБОТКИ
Данные общей обработки 20061204d1903 |||y0rusy50 ca
101 1# - ЯЗЫК РЕСУРСА
Язык текста, звукозаписи и т.д. русский
Язык оригинала немецкий
102 ## - СТРАНА ПУБЛИКАЦИИ ИЛИ ПРОИЗВОДСТВА
Страна публикации Российская Федерация
105 ## - ПОЛЕ КОДИРОВАННЫХ ДАННЫХ: ТЕКСТОВЫЕ МАТЕРИАЛЫ, МОНОГРАФИЧЕСКИЕ
Кодированные данные о монографическом текстовом документе ab z |||||
200 1# - ЗАГЛАВИЕ И СВЕДЕНИЯ ОБ ОТВЕТСТВЕННОСТИ
Основное заглавие Средиземное море и страны побережья
Первые сведения об ответственности [Соч.] Д-ра К.Г. Брандиса, проф. В. Вальтера, Э. гр. Вильчека [и др.]
Последующие сведения об ответственности Пер. А.И. Браудо
-- Доп. проф. М.И. Ростовцева
-- С карт. и табл., и исполн. д-ром Р. Боном, М. Гилльероном и О. Шульцом
210 ## - ПУБЛИКАЦИЯ, РАСПРОСТРАНЕНИЕ И ДР.
Дата издания, распространения и т.д. 1903
Место издания, распространения и т.д. Б. м.
215 ## - ФИЗИЧЕСКАЯ ХАРАКТЕРИСТИКА
Специфическое обозначение материала и объем X, 577, IV с., 7 л., 31 л. ил., карт.
461 #0 - УРОВЕНЬ НАБОРА
Встроенное поле 001v19\rc\1759751
-- 2001#$aИстория человечества$eВсемир. история$fСост.: проф. Г. Адлер, К. Арендт, Т. Ахелис [и др.]$gПод общ. ред. Г. Гельмольта$gПолн. пер. с знач. доп. для России избр. рус. ученых$vТ. 4
Системный номер (АБИС) связанной записи 5007758
Место публикации Санкт-Петербург
Дата публикации 1903-1904
Издание 2-е изд. со стереотипа. Т. 1
Первые сведения об ответственности Сост.: проф. Г. Адлер, К. Арендт, Т. Ахелис [и др.]
Имя издателя, распространителя и т.д. Просвещение
Сведения, относящиеся к заглавию Всемир. история
Заглавие История человечества
Номер тома Т. 4
701 #1 - ИМЯ ЛИЦА - АЛЬТЕРНАТИВНАЯ ОТВЕТСТВЕННОСТЬ
Начальный элемент ввода Брандис
Часть имени, кроме начального элемента ввода К.Г.
701 #1 - ИМЯ ЛИЦА - АЛЬТЕРНАТИВНАЯ ОТВЕТСТВЕННОСТЬ
Начальный элемент ввода Вальтер
Часть имени, кроме начального элемента ввода В.
701 #1 - ИМЯ ЛИЦА - АЛЬТЕРНАТИВНАЯ ОТВЕТСТВЕННОСТЬ
Начальный элемент ввода Вильчек
Часть имени, кроме начального элемента ввода Э.
702 #1 - ИМЯ ЛИЦА - ВТОРИЧНАЯ ОТВЕТСТВЕННОСТЬ
Код отношения Переводчик
Материалы, к которым относится поле rus
Графика поля Кириллица
Начальный элемент ввода Браудо
Часть имени, кроме начального элемента ввода А.И.
Даты 1864-1924
Расширение инициалов личного имени Александр Исаевич
Идентификатор авторитетной/нормативной записи RU\NLR\AUTH\7723024
Системный номер авторитетной/нормативной записи 6078
702 #1 - ИМЯ ЛИЦА - ВТОРИЧНАЯ ОТВЕТСТВЕННОСТЬ
Код отношения Прочие
Материалы, к которым относится поле rus
Графика поля Кириллица
Начальный элемент ввода Ростовцев
Часть имени, кроме начального элемента ввода М. И.
Дополнения к именам, кроме дат историк
Даты 1870-1952
Расширение инициалов личного имени Михаил Иванович
Идентификатор авторитетной/нормативной записи RU\NLR\auth\7718683
Системный номер авторитетной/нормативной записи 1759
702 #1 - ИМЯ ЛИЦА - ВТОРИЧНАЯ ОТВЕТСТВЕННОСТЬ
Начальный элемент ввода Бон
Часть имени, кроме начального элемента ввода Р.
Код отношения Прочие
702 #1 - ИМЯ ЛИЦА - ВТОРИЧНАЯ ОТВЕТСТВЕННОСТЬ
Начальный элемент ввода Гилльерон
Часть имени, кроме начального элемента ввода М.
Код отношения Прочие
702 #1 - ИМЯ ЛИЦА - ВТОРИЧНАЯ ОТВЕТСТВЕННОСТЬ
Начальный элемент ввода Шульц
Часть имени, кроме начального элемента ввода О.
Код отношения Прочие
801 #0 - ИСТОЧНИК ЗАПИСИ
Страна Российская Федерация
Организация NLR
Правила каталогизации psbo
801 #1 - ИСТОЧНИК ЗАПИСИ
Страна Российская Федерация
Организация ProSoft-M
Источник данных rusmarc
852 ## - МЕСТОНАХОЖДЕНИЕ И ШИФР ХРАНЕНИЯ
Идентификатор организации NLR
Шифр хранения (Call Number) 17.129.3.4
942 ## - ДОПОЛНИТЕЛЬНЫЕ ЭЛЕМЕНТЫ ЗАПИСИ (АБИС)
Тип экземпляра АБИС Книга
980 ## - КОЛЛЕКЦИЯ
Название коллекции Национальная библиография
Экземпляры
Тип экземпляра Дата поступления Библиотека постоянного хранения Библиотека текущего хранения Место хранения Шифр хранения Штрих-код Статус экземпляра
Книга 26.10.2013 РНБ (Садовая) РНБ (Садовая) Русский книжный фонд -Главное здание, Ленинский читальный зал 17.129.3.4 4860665-10